00365nam a22001337a 450000500170000000800410001702000180005805000160007610000200009224500520011226000330016430000130019770000210021020241218170802.0241218b |||||||| |||| 00| 0 eng d a9788178080888 aPE 1112 QUI aQUIRK, RANDOLPH aA UNIVERSITY GRAMMER OF ENGLISHcRANDOLPH QUIRK aDELHIbA. W. LONGMANcc 1973 axi; 484p aSIDNEY GREENBAUM